| 000 | 00895nam a2200289 a 4500 | ||
|---|---|---|---|
| 999 |
_c7478 _d7478 |
||
| 001 | 991002755019706706 | ||
| 003 | OSt | ||
| 005 | 20211201135533.0 | ||
| 008 | 081001s2008 sp a||||| 001 ||spa|c | ||
| 020 | _a9788497347235 | ||
| 035 | _a(ES-BaCBU)b40591694-34csuc_network | ||
| 035 | _a(ES-BaCBU).b40591694 | ||
| 035 | _a(ccuc001)b40591694 | ||
| 040 |
_aES-BaCBU _bcat _cCDMR |
||
| 043 | _ae-sp--- | ||
| 100 | 1 | _aToro, Carlos | |
| 245 | 1 | 3 |
_aLa Historia de Marca, 1938-2008 : _bel retrato de siete décadas de ilusiones / _cCarlos Toro |
| 260 |
_aMadrid : _bLa Esfera de los Libros, _ccop. 2008 |
||
| 300 |
_a444 p. : _bil. ; _c25 cm |
||
| 504 | _aÍndex | ||
| 630 | 0 | 7 |
_aMarca (Diari) _2lemac |
| 650 | 0 | 4 |
_aPeriodisme esportiu _zEspanya _xHistòria |
| 907 |
_a.b40591694 _b21-04-21 _c01-10-08 _d01-10-09 _em _fa _g- _hspa _isp _j0 _k0 |
||
| 908 | _aUAB | ||
| 940 | _aUAB | ||
| 942 |
_2udc _cMON |
||